|
|
|
|
| LEADER |
00000nab a2200000 ar4500 |
| 001 |
vtls009001484 |
| 003 |
SK-MaSNL |
| 005 |
20260304214148.0 |
| 008 |
070621c2006 xo qr|p|||||||000 b|slo |
| 015 |
|
|
|a SNBRB2007/06
|2 snkbucl
|
| 038 |
|
|
|a SNKBUCL
|
| 040 |
|
|
|a SNKBUCL
|b slo
|c SNKBUCL
|e AACR2
|
| 041 |
0 |
|
|a slo
|
| 044 |
|
|
|a xo
|c SK
|
| 080 |
|
|
|a 339.137.2:796
|2 2001
|
| 080 |
|
|
|a 796
|2 2001
|
| 100 |
1 |
|
|a Chebeň, Juraj,
|d 1977-
|4 aut
|9 259781
|
| 245 |
1 |
0 |
|a Aplikácia konkurenčných stratégií v oblasti športu
|c Juraj Chebeň
|
| 650 |
0 |
7 |
|a šport
|2 snkbucl
|9 1042
|
| 650 |
0 |
7 |
|a konkurencia
|2 snkbucl
|9 2281
|
| 650 |
0 |
7 |
|a stratégie
|2 snkbucl
|9 49778
|
| 773 |
0 |
|
|t Marketingová panoráma
|g Roč. 4., č. 3-4 (2006), s. 39-41
|x 1336-1864
|
| 852 |
|
|
|a SNK
|b KIS3GCP
|
| 999 |
|
|
|c 3139840
|d 3141770
|